Normal view
MARC view
Entry Topical Term
001 - CONTROL NUMBER
- control field: 11016
003 - CONTROL NUMBER IDENTIFIER
- control field: BD-RjUL
005 - DATE AND TIME OF LATEST TRANSACTION
- control field: 20240122123358.0
008 - FIXED-LENGTH DATA ELEMENTS
- fixed length control field: 240122|| aca||aabn | a|a d
040 ## - CATALOGING SOURCE
- Original cataloging agency: BD-RjUL
- Transcribing agency: BD-RjUL
150 ## - HEADING--TOPICAL TERM
- Topical term or geographic name entry element: Private investigators
- Geographic subdivision: England
- General subdivision: Fiction
670 ## - SOURCE DATA FOUND
- Source citation: Work cat.: (BD-RjUL)82720: Doyle, Arthur Conan, 1859-1930. 10926, The memoirs of Sherlock Holmes /, 1950.reprinted[1961]